[Event "Cannes NAO Masters"]
[Site "Cannes"]
[Date "2002.03.02"]
[Round "8"]
[White "Gelfand, Boris"]
[Black "Bacrot, Etienne"]
[Result "1/2-1/2"]
[WhiteElo "2703"]
[BlackElo "2649"]
[Annotator "Lutz,C"]
[PlyCount "63"]
[EventDate "2002.02.22"]
[EventType "tourn"]
[EventRounds "9"]
[EventCountry "FRA"]
[EventCategory "18"]
[SourceTitle "CBM 088"]
[Source "ChessBase"]
[SourceDate "2002.03.21"]
[SourceVersion "1"]
[SourceVersionDate "2002.03.21"]
[SourceQuality "1"]

1. d4 d5 2. c4 c6 3. Nc3 Nf6 4. Nf3 e6 5. e3 Nbd7 6. Qc2 Bd6 7. g4 Bb4 {
Kramniks Zug gegen den Shabalov-Angriff 7.g4. Es wird in der letzten Zeit
immer deutlicher, dass Schwarz in dieser Variante keineswegs ein einfaches
Leben hat.} 8. Bd2 Qe7 9. Bd3 {Dieser Zug wurde bislang seltener gespielt als
9.g5 oder 9.Rg1. Allerdings erscheint es nicht unlogisch, das Feld e4 direkt
unter Kontrolle zu nehmen und sich Rg1 zu sparen. Der polnische GM Robert
Kempinski hat 9.Bd3 häufiger angewandt.} ({Ein Vergleich mit den Varianten
nach 9.Rg1 erscheint sinnvoll:} 9. Rg1 b6 10. cxd5 $5 cxd5 $5 11. Bd3 Bb7 12.
g5 Ne4 $5 (12... Bxc3 $2 13. Qxc3 Ne4 14. Qc7 Nxd2 15. Kxd2 Bc8 16. Rac1 O-O
17. a3 $16 Re8 18. Qf4 e5 19. Nxe5 Nxe5 20. Qxe5 Qxe5 21. dxe5 Rxe5 22. Rc7 $18
{1-0 Barsov,A-Sandipan,C/Dhaka 2001/CBM 82/[Lutz] (52)}) 13. Nxe4 dxe4 14. Bxe4
Rc8 15. Qb3 Bxd2+ 16. Nxd2 Bxe4 17. Nxe4 O-O 18. Nc3 $1 $146 (18. Ke2 $6 f5 $44
{0-1 Markovic,M-Sedlak,N/Subotica 2000/CBM 76 (44)}) 18... b5 $5 19. Qxb5 Rb8
20. Qe2 Rfc8 21. Kf1 Qb4 22. Rc1 Qxb2 23. Qxb2 Rxb2 24. Kg2 $16 {1-0 Kobalija,
M-Sandipan,C/Dubai 2001/CBM 83/[Lutz] (48)}) (9. g5) (9. a3) 9... b6 $6 $146 {
Mit 7...Bb4 hat Schwarz angedeutet, dass er auf den weißen Feldern spielen
will. Insofern ist der Textzug konsequent. Allerdings entstehen nun Stellungen,
in denen Weiß sich den Zug Rg1 gespart hat, vielleicht sollte Schwarz daher
die Alternativen bevorzugen.} (9... h6 10. Rg1 b6 11. cxd5 Bxc3 12. Bxc3 Nxd5
13. O-O-O Bb7 14. Bd2 c5 15. e4 Rc8 16. exd5 cxd4 17. Qxc8+ Bxc8 18. dxe6 fxe6
19. Bg6+ Kf8 20. g5 hxg5 21. Bxg5 Nf6 22. Rxd4 Bb7 23. Rgd1 Qc7+ 24. Kb1 Bxf3
25. Rc1 Qe5 26. Bxf6 gxf6 27. Rd7 Be4+ 28. Bxe4 Qxe4+ 29. Ka1 Ke8 {0-1
Khechumyan,G-Zivanic,M/Budapest 2000/CBM 79 ext (29)}) (9... Nxg4 10. Rg1 f5
11. cxd5 exd5 (11... Bxc3 12. Bxc3 cxd5 13. Qd2 Ndf6 14. Bb4 Qf7 15. h3 Ne4 16.
Qc2 Ngxf2 17. Bb5+ Kd8 18. Rc1 g5 19. Rxg5 {1-0 Agrest,E-Tella,J/Skelleftea
2000/EXT 2001 (19)}) 12. Bxf5 Ndf6 13. Bxc8 Rxc8 14. Qf5 O-O 15. Rxg4 Nd7 16.
Nxd5 Rxf5 17. Nxe7+ Bxe7 18. Ke2 $16 {1-0 Kempinski,R-San Segundo Carrillo,P/
Pula 1997/CBM 57 ext (71)}) (9... e5 10. dxe5 Nxe5 (10... Nxg4 11. e6 fxe6 12.
Bxh7 Qf6 13. Qg6+ Qxg6 14. Bxg6+ Kf8 15. Bd3 Nde5 16. Nxe5 Nxe5 17. Ke2 Nxd3
18. Kxd3 Be7 19. Rhg1 {1/2-1/2 Kempinski,R-Ramesh,R/Biel 2001/CBM 83 ext (19)})
11. Nxe5 Qxe5 12. f4 Qe7 13. g5 Ng4 14. O-O-O dxc4 15. Bxh7 Nf2 16. g6 Nxd1 17.
gxf7+ Kf8 18. Rxd1 Be6 19. a3 Ba5 20. Rg1 Qh4 21. Bg6 Rd8 22. Qe4 Qf6 23. Be1
Bxf7 24. Bxf7 Qxf7 25. f5 Re8 26. Qf3 Rh5 27. e4 Rd8 28. h4 Rd3 29. Qg4 Bb6 30.
Rf1 Bd4 31. Ne2 c3 32. Nxd4 cxb2+ 33. Kb1 Rxd4 34. f6 g6 35. Bc3 Qd7 36. Qxd7
Rxd7 37. e5 Kf7 38. Re1 Ke6 39. Rg1 Rxh4 40. Rxg6 Rh2 41. Rg1 Rd3 42. Bb4 Rf3
43. Rd1 b6 44. Ka2 c5 {0-1 Kempinski,R-Rogozenko,D/Koszalin 1998/CBM 65 ext 
(44)}) (9... dxc4 10. Bxc4 b6 11. Rg1 Bb7 12. g5 Nd5 13. e4 Nxc3 14. bxc3 Bd6
15. O-O-O c5 16. d5 exd5 17. exd5 O-O-O 18. Rge1 Qf8 19. Qa4 a5 20. Bb5 Nb8 21.
Qg4+ Kc7 22. Bf4 f5 23. Qg3 Bc8 24. Ne5 g6 25. Nc4 Bxf4+ 26. Qxf4+ Kb7 27. Nxb6
Qg7 28. Na4 Ka8 29. d6 Qb7 30. c4 Nd7 31. Re2 Qg2 32. Qe3 h6 33. Bxd7 Bxd7 34.
Nb6+ {1-0 Johansson,V-Trabert,B/Warsaw 2001/CBM 82 ext (34)}) 10. cxd5 Nxd5 (
10... cxd5 11. g5 $16) (10... exd5 11. g5 $36) 11. Nxd5 cxd5 12. Rc1 Bxd2+ 13.
Kxd2 O-O 14. Qc7 $16 {Man vergleiche diese Stellung mit Barsov,A-Sandipan,C/
Dhaka 2001 (siehe oben). Weiß hat alle Vorteile (c-Linie, besserer Läufer,
Raumvorteil am Königsflügel).} Qb4+ 15. Kc2 Nf6 16. Kb1 Ne4 ({Gemäß SCHACH 4/
2002 hatte Gelfand folgende hübsche Variante vorbereitet:} 16... Bd7 17. g5 $1
Rfc8 18. gxf6 $1 Rxc7 19. Rxc7 Qd6 (19... Bb5 20. Bxb5 Qxb5 21. Ne5 {nebst Rg1
ist einfach schrecklich für Schwarz.}) 20. Rg1 $1 Qxc7 (20... g6 21. Rgc1 $18 {
ist ebenfalls schrecklich für Schwarz.}) 21. Rxg7+ Kh8 (21... Kf8 22. Bxh7) 22.
Ne5 Rf8 23. Rxh7+ Kg8 24. Ng4 $18) 17. Ne5 $6 {Gelfand sucht die direkte
Entscheidung, aber mehr als Dauerschach scheint nicht drin zu sein.} (17. Rc2
$16 {(Gelfand) behält alle Vorteile der weißen Stellung.}) 17... Nxf2 18. Rhf1
Nxd3 19. Nxd3 Qb5 20. Ne5 f6 21. g5 fxe5 22. Rxf8+ Kxf8 23. Qd8+ Kf7 24. g6+
Kxg6 25. Rg1+ Kf7 26. dxe5 Qd3+ {Schwarz tut am besten daran, das sofortige
Dauerschach zu forcieren.} (26... Qc4 27. Ka1 h6 28. Qh8 {ist trotz der
Mehrfigur kaum zu empfehlen, da der Ra8 nicht ins Spiel kommt.}) 27. Ka1 Qxe3
28. Qc7+ Ke8 29. Qc6+ Ke7 30. Qd6+ Kf7 31. Qc7+ Ke8 32. Qc6+ 1/2-1/2

[Event "Sigeman & Co 06th"]
[Site "Malmo"]
[Date "1998.06.11"]
[Round "3"]
[White "Sokolov, Ivan"]
[Black "Hector, Jonny"]
[Result "1-0"]
[WhiteElo "2625"]
[BlackElo "2505"]
[Annotator "Lutz,C"]
[PlyCount "83"]
[EventDate "1998.06.09"]
[EventType "tourn"]
[EventRounds "9"]
[EventCountry "SWE"]
[EventCategory "13"]
[SourceTitle "CBM 066"]
[Source "ChessBase"]
[SourceDate "1998.09.30"]
[SourceVersion "1"]
[SourceVersionDate "1998.09.30"]
[SourceQuality "1"]

1. c4 d5 2. Nf3 c6 3. e3 Nf6 4. Nc3 e6 5. d4 Nbd7 6. Qc2 b6 7. Bd3 Bb7 8. O-O
Be7 9. Rb1 $146 {Normaler und natürlicher ist 9.b3.} (9. b3 Qc7 (9... Rc8 10.
Bb2 c5 11. cxd5 cxd4 12. dxe6 dxc3 13. exd7+ Nxd7 14. Bxc3 Bb4 15. Bc4 Bxf3 16.
gxf3 Bxc3 17. Qxc3 Qg5+ 18. Kh1 b5 19. Qa5 {1-0 Kramnik,V-Ivanchuk,V/Dortmund
1997/CBM 60/[Lutz]}) 10. Bb2 Rd8 11. Rac1 (11. Rad1 h6 12. Qe2 O-O 13. Bb1 (13.
Ne5 dxc4 14. bxc4 Nxe5 15. dxe5 Nd7 16. f4 Nc5 17. Bb1 Rxd1 18. Nxd1 Rd8 19.
Qc2 g6 20. Nf2 h5 21. g4 hxg4 22. Nxg4 Nd3 23. Nh6+ Kg7 24. Nxf7 Kxf7 25. Bd4
c5 26. Qxd3 Rg8 27. Bc3 Qc6 {Zvjaginsev,V-Dreev,A/FIDE-Wch k.o. 1997/CBM 63/
0-1 (72)}) 13... c5 14. cxd5 Nxd5 15. Nxd5 Bxd5 16. e4 Bb7 17. Qc2 Rfe8 18. d5
exd5 19. exd5 Nf8 20. Qf5 Bd6 21. Qg4 Ng6 22. Bxg6 fxg6 23. Qxg6 Qf7 24. Qxf7+
Kxf7 25. Rfe1 Rxe1+ 26. Rxe1 Bxd5 27. Ne5+ Bxe5 28. Bxe5 Bc6 29. Bf4 {1/2-1/2
Gelfand,B-Dreev,A/FIDE-Wch k.o. 1997/CBM 63}) 11... Qb8 12. Rfd1 O-O 13. Ne5
Nxe5 14. dxe5 Ng4 15. Bxh7+ Kh8 16. Qe2 f5 17. h3 Kxh7 18. hxg4 f4 19. cxd5
exd5 20. Qd3+ Kg8 21. exf4 Rxf4 22. Ne2 Rxg4 23. Qf5 Rh4 {Gelfand,B-Dreev,A/
FIDE-Wch k.o. 1997/CBM 63/[Hecht]/1/2-1/2 (92)}) 9... O-O (9... dxc4 $5 10.
Bxc4 c5 $11 {kommt stark in Betracht. Weiß kann dem Zug nur Sinng geben, wenn
er dxc5 und b2-b4 folgen läßt. Dann wird jedoch die c-Linie geschwächt.}) 10.
b4 dxc4 11. Bxc4 a5 $6 {Schwarz erhält nun eine passive Stellung. Er hatte
zwei bessere Möglichkeiten.} (11... c5 $5 12. dxc5 (12. bxc5 Bxf3 13. gxf3 bxc5
{verspricht Weiß nichts.}) 12... bxc5 13. b5 Nb6 $5 (13... Bxf3 $5)) (11... Nd5
$5 12. a3 (12. Nxd5 cxd5 $11) 12... Nxc3 13. Qxc3 {Nach dem Springertausch
fällt der schwarze Raumnachteil nicht ins Gewicht.}) 12. bxa5 Rxa5 13. e4 $14
Ba6 14. Bxa6 Rxa6 15. a4 {Außer seinem Raumnachteil hat Schwarz noch die
Schwächen b6 und c6 zu beklagen.} h6 16. Rd1 Qa8 17. Bf4 Rc8 18. Qe2 b5 $6 {
Schwarz will nicht mehr länger passiv sein und opfert daher einen Bauern.} (
18... Bf8 $14) 19. e5 Nd5 20. Nxd5 cxd5 21. axb5 Ra4 22. Ne1 Rcc4 23. Be3 Qb8
24. Qg4 $1 {Weiß nutzt die Abwesenheit der schwarzen Figuren zu einem Angriff
am Königsflügel.} Kf8 (24... Nxe5 25. Qg3 Nd7 26. Qxb8+ Nxb8 27. Nd3 Ra2 (27...
Bd6 28. Nb2) 28. Bf4 {und der b-Bauer kostet Schwarz Material.}) 25. Nd3 Ra5
26. b6 Nxb6 {Eine weitere Figur wird vom Königsflügel abgezogen.} (26... Ra6 $5
27. b7 Ra7 {erscheint etwas besser.}) 27. Nf4 $16 Qd8 28. Nh5 g5 29. h4 Nd7 30.
hxg5 hxg5 31. Qh3 Ra3 32. g3 {Entfesselt nicht nur den Läufer, sondern
bereitet auch Kg2 und Rh1 vor.} Qa8 33. Nf6 Nxf6 34. Qh6+ Ke8 35. exf6 Bd6 36.
Qh7 $1 {Wegen des Angriffs gegen f7 kann der schwarze König nicht entfliehen.
Jetzt droht Bxg5 und Qg8+.} (36. Qh8+ Kd7 37. Qg7 Qe8 {ist weniger überzeugend.
}) 36... Rxe3 37. fxe3 $18 Rc3 38. Rb6 Qd8 39. Qh8+ Bf8 40. Rdb1 Kd7 41. Rb7+
Rc7 42. Qg8 1-0

[Event "Sigeman & Co 04th"]
[Site "Malmo"]
[Date "1996.??.??"]
[Round "6"]
[White "Miles, Anthony John"]
[Black "Hansen, Curt"]
[Result "1/2-1/2"]
[WhiteElo "2635"]
[BlackElo "2615"]
[Annotator "Lutz,C"]
[PlyCount "48"]
[EventDate "1996.06.??"]
[EventType "tourn"]
[EventRounds "9"]
[EventCountry "SWE"]
[EventCategory "12"]
[SourceTitle "CBM 054"]
[Source "ChessBase"]
[SourceDate "1996.10.01"]
[SourceVersion "1"]
[SourceVersionDate "1996.10.01"]
[SourceQuality "1"]

1. d4 Nf6 2. Nf3 e6 3. c4 d5 4. Nc3 c6 5. e3 Nbd7 6. Qc2 Bd6 7. Bd2 O-O 8. h3 {
Dieser weiße Aufbau wirkt dubios.} c5 9. cxd5 exd5 10. Nb5 (10. g4 Re8 11. Bg2
a6 12. a4 Nf8 $1 13. dxc5 $6 Bxc5 14. O-O h5 $1 $40 15. gxh5 Nxh5 16. Nb5 Ne6
17. Nbd4 Bxd4 18. Nxd4 Ng5 $17 {0-1 Stangl,M-Dreev,A/Brno (09) ;CBM 43 1994})
10... Be7 11. dxc5 Nxc5 12. Bb4 $2 (12. Be2 Nfe4 13. Nbd4 $13) 12... Nfe4 13.
Nbd4 Bd7 14. a3 Rc8 15. Qd1 Qb6 16. Be2 Qg6 $1 17. Kf1 Rfe8 18. Be1 Qf6 19. Rb1
{Die weißen Figuren sind extrem unkoordiniert, daher hat Schwarz klaren
Vorteil. Allerdings droht Weiß mittels Kf1-g1-h2, Rh1-f1 eine gewisse Ordnung
in seine Figuren zu bringen. Außerdem hat er keine Schwächen und das Feld d4
fest unter Kontrolle. Die Aufgabe des Schwarzen besteht nun darin, seinen
temporären Vorteil in etwas Dauerhaftes zu verwandeln. Dazu sollte er
Schwächungen provozieren.} Bd8 {Schwarz spielt planlos und läßt den Gegner zur
Entwicklung kommen. Dem Gesagten entsprach 19... Ba4!:} (19... Ba4 $1 20. b3
Bd7 {[%csl Ra3,Rb3,Rc3]} 21. Kg1 Ne6 22. b4 (22. Ra1 Bc5 {nebst Abtausch auf d4
}) 22... Nc3 23. Bxc3 Rxc3 24. Ra1 (24. Rb3 Ba4) 24... Rec8 $17) 20. Kg1 Bb6
21. Kh2 Qd6+ 22. g3 Qf6 23. Kg2 a6 24. Rf1 h6 1/2-1/2

[Event "Poikovsky Karpov 06th"]
[Site "Poikovsky"]
[Date "2005.03.03"]
[Round "5"]
[White "Dreev, Alexey"]
[Black "Dominguez Perez, Leinier"]
[Result "1-0"]
[WhiteElo "2704"]
[BlackElo "2661"]
[Annotator "Lutz,C"]
[PlyCount "73"]
[EventDate "2005.02.26"]
[EventType "tourn"]
[EventRounds "9"]
[EventCountry "RUS"]
[EventCategory "18"]
[SourceTitle "CBM 106"]
[Source "ChessBase"]
[SourceDate "2005.06.06"]
[SourceVersion "1"]
[SourceVersionDate "2005.06.06"]
[SourceQuality "1"]

1. d4 d5 2. c4 c6 3. Nc3 Nf6 4. e3 e6 5. Nf3 Nbd7 6. Qc2 Bd6 7. g4 dxc4 8. Bxc4
e5 9. Bd2 $5 {Dreev wählt die prinzipiellste Fortsetzung. Er scheut sich nicht,
den Pg4 zu geben.} (9. g5 {gab Schwarz zuletzt weniger Probleme.}) 9... O-O $5
{Fast immer wurde hier 9...exd4 gespielt, aber der Textzug wurde schon zuvor
in einer Internet-Partie gespielt, mit Dreev auf der schwarzen Seite!} (9...
exd4 10. Nxd4 Ne5 (10... Nb6 11. Be2 O-O 12. O-O-O Nbd5 $13 {0-1 Harikrishna,
P-Dreev,A/Mallorca 2004/CBM 104/[Lutz] (61)}) 11. Be2 Nfxg4 (11... Bxg4 {
Gelfand} 12. f4 Ng6 13. Bxg4 Nxg4 14. Nf5 $40 {1-0 Shirov,A-Fressinet,L/Calvia
ESP 2004 (28)}) 12. Ne4 Be7 13. O-O-O $44 {1/2-1/2 Gelfand,B-Dominguez,L/
Mallorca 2004/CBM 104/[Gelfand] (29)}) 10. O-O-O $5 {Dreev geht volles Risiko
und opfert zwei Bauern. In seinen Kommentaren in NIC Magazine 3/2005 ist der
Russe kritisch mit diesem Zug und bezeichnet das doppelte Bauernopfer als
objektiv fragwürdig.} (10. g5 Nd5 {führt zu Stellungen, die gewöhnlich über
die Zugfolge 9.g5 Nd5 10.Bd2 erreicht wurden. Die besagte Internet-Partie ging
weiter mit} 11. O-O-O (11. Ne4) (11. Nxd5) 11... exd4 12. exd4 Nb4 13. Qe4 Nb6
14. Bb3 Re8 15. Ne5 N6d5 16. Qf3 Be6 17. Ne4 a5 $36 {0-1 Dobrov,V-Dreev,A/
chessassistantclub.com INT 2004/CBM 104 ext (73)}) 10... exd4 11. Nxd4 Ne5 12.
Be2 Nexg4 $1 (12... Nfxg4 13. Ne4 Be7 {würde durch Zugumstellung zur o.g.
Partie Gelfand-Dominguez führen.}) 13. Rhg1 Nxf2 14. Rdf1 Nh3 15. Rg2 {Wie
Dreev ausführt, hat Weiß kaum ausreichende Kompensation, da es ihm schwer
fällt, den Nc3 (und damit auch den Bd2) ohne Abtausch ins Spiel zu bringen.}
Be5 $2 {Nun gelingt es Weiß, ...g7-g6 zu provozieren und den schwarzfeldrigen
Läufer abzutauschen.} (15... g6 $5 {und "Weiß würde es weitaus schwerer fallen,
seinen Angriff zu entwickeln" (Dreev)}) 16. Nf3 Qe7 17. Bd3 g6 (17... Bd6 18.
Nh4 {(Dreev)}) 18. Bc4 Ng4 $2 {Nun kommt Weiß mit viel Effekt zur Besetzung
der langen Diagonale.} (18... Bc7 {und laut Dreev sollte Weiß mit 19.e4 oder
19.Nd4 fortsetzten, da} 19. Rxg6+ hxg6 20. Qxg6+ Kh8 21. Qh6+ Nh7 22. Bd3 f6
23. Nh4 Qg7 24. Ng6+ Kg8 25. Bc4+ Rf7 $17 {nicht genügt.}) 19. Nxe5 Nxe5 20.
Ne4 Kh8 21. Nf6 $1 {Sehr stark gespielt, den beiden schwarzen Springern auf e5
und h3 wird die Unterstützung abgeschnitten.} b5 (21... Qc5 22. Be2 Qxc2+ 23.
Kxc2 Nd7 24. Ne4 {macht auch ohne Damen die schwarze Stellung nicht einfacher 
(Dreev).}) 22. Be2 Nd7 {Schwarz verhindert so den Damenschwenk Dc2-e4-h4, aber
nun fordert die lange Diagonale Tribut.} 23. Bc3 Qxe3+ 24. Kb1 Nxf6 25. Rxf6
Kg8 26. Rgxg6+ $1 $18 {Zerrt den schwarzen König ins Freie.} fxg6 27. Rxg6+ Kf7
28. Rg7+ Ke6 (28... Ke8 29. Bh5+ Kd8 30. Qd1+ $18) 29. Bg4+ Kd5 30. Qd1+ Ke4
31. Re7+ Kf4 32. Rxe3 (32. Be5+ $5) 32... Bxg4 33. Qd4+ Kg5 34. Qg7+ Kh5 35.
Qxh7+ Kg5 36. Re5+ Rf5 37. Bd2+ 1-0

[Event "Moscow Aeroflot op"]
[Site "Moscow"]
[Date "2002.02.09"]
[Round "7"]
[White "Aleksandrov, Aleksej"]
[Black "Potkin, Vladimir"]
[Result "1-0"]
[WhiteElo "2645"]
[BlackElo "2481"]
[Annotator "Lutz,C"]
[PlyCount "97"]
[EventDate "2002.02.04"]
[EventType "swiss"]
[EventRounds "9"]
[EventCountry "RUS"]
[SourceTitle "CBM 088"]
[Source "ChessBase"]
[SourceDate "2002.03.21"]
[SourceVersion "1"]
[SourceVersionDate "2002.03.21"]
[SourceQuality "1"]

1. c4 e6 2. d4 d5 3. Nc3 c6 4. e3 Nf6 5. Nf3 Nbd7 6. a3 Bd6 7. c5 $6 {Eine
dubiose Konzeption, da Schwarz sofort den Befreiungszug ...e6-e5 durchsetzen
kann.} Bc7 8. b4 e5 9. dxe5 Nxe5 10. Nd4 {Weiß hat das Feld d4, aber das Feld
e5 ist für Schwarz nicht weniger wichtig. Zudem kann Schwarz auch mit ...a7-a5
und/oder ...b7-b6 die weiße Bauernkette anknabbern.} Qe7 11. Qc2 O-O $15 12. h3
Bd7 (12... a5 $5 13. Bb2 axb4 14. axb4 Rxa1+ 15. Bxa1 b6 $36 {gibt Schwarz
eine bequeme Initiative.}) 13. Be2 b6 14. Na4 Ne4 15. Bb2 f5 16. g3 b5 17. Nc3
a5 $5 {Gibt dem Weißen die Möglichkeit, das Geschehen zu komplizieren.} (17...
Nc4 $5) 18. Ndxb5 $5 {Zumindest vom praktischen Standpunkt ein korrektes Opfer:
Weiß erhält zwei Bauern für die Figur und macht Schwarz die initative streitig.
} cxb5 19. Nxd5 Qd8 20. Rd1 Bc6 $5 21. Nb6 Qe7 22. Nxa8 Rxa8 $13 {Weiß hat die
Qualität gewonnen und mit nunmehr Turm und zwei Bauern für zwei Figuren steht
er materiell befrtiedigend. Aber die schwarzen Figuren sind sehr gut
zentralisiert, so dass mir die Stellung des Nachziehenden immer noch besser
gefällt.} 23. O-O Ng5 24. Bxe5 Qxe5 25. Kh2 Kh8 26. f4 $5 {Weiß leitet
wiederum Verwicklungen ein, und diesmal verliert Schwarz die Kontrolle.} Qxe3
27. Rd3 Qe4 28. Bd1 axb4 $1 (28... Nf7 29. Bf3 Qe8 30. Bxc6 Qxc6 31. Qg2 $16 {
Ohne den weißfeldirgen Läufer verliert die schwarze Stellung an Stabilität.
Bc7 und Nf7 leisten wenig, während die weißen Türme in die schwarze Stellung
eindringen können.}) 29. fxg5 (29. axb4 Qe6 {/\ ...Ra2}) 29... Qc4 30. Qxc4
bxc4 31. Rd2 Rxa3 $2 {Nun kommen die schwarzen Freibauern nicht mehr zum Zug,
da der schwarze König ins Kreuzfeuer der weißen Türme gerät.} (31... bxa3 $142
$1 32. Ra2 Be5 33. Rxf5 Bb2 $17) 32. Rxf5 Kg8 $2 (32... g6 $5 33. Rf7 Bxg3+ 34.
Kg1 Ra8 35. Bf3 Bxf3 36. Rxf3 Be5 $13) 33. Be2 $16 {Da nun auch noch der
Läufer auf c4 aufzutauchen droht, entwickelt Weiß schnell eine entscheidende
Initiative.} Bxg3+ 34. Kg1 Ra1+ 35. Bf1 g6 36. Rf6 Be4 (36... c3 37. Rd8+ Kg7
38. Rxc6 c2 39. Rd7+ Kg8 40. Rc8#) 37. Rd8+ Kg7 38. Rd7+ Kg8 39. Rd8+ Kg7 40.
Rd7+ Kg8 41. Re6 $18 Kf8 42. Rxe4 b3 43. Rd8+ Kf7 44. Rd7+ Kf8 45. Rd8+ Kf7 46.
Kg2 Rxf1 47. Kxf1 c3 48. Rd7+ Kf8 49. Ra4 1-0

[Event "RUS-Cup4"]
[Site "Perm"]
[Date "1997.02.15"]
[Round "8"]
[White "Balashov, Yuri S"]
[Black "Chiburdanidze, Maia"]
[Result "1-0"]
[WhiteElo "2510"]
[BlackElo "2535"]
[Annotator "Lutz,C"]
[PlyCount "93"]
[EventDate "1997.02.02"]
[EventType "swiss"]
[EventRounds "9"]
[EventCountry "RUS"]
[SourceTitle "CBM 058"]
[Source "ChessBase"]
[SourceDate "1997.06.01"]
[SourceVersion "1"]
[SourceVersionDate "1997.06.01"]
[SourceQuality "1"]

1. c4 c6 2. Nf3 Nf6 3. Nc3 d5 4. e3 e6 5. b3 Bd6 6. Bb2 O-O 7. Qc2 Nbd7 8. Be2
a6 9. d4 b5 $5 {Mir erscheint 9...e5 verläßlicher, siehe Ivanov,J-Vera,R 
(Anibal op Linares 1997).} 10. O-O Bb7 $6 (10... bxc4 11. bxc4 dxc4 12. Bxc4 c5
$11 {Lerner,K}) 11. Rad1 $6 {Hier kommt Weiß mit 11.c5! in Vorteil, da der Bb7
nicht mehr mitspielt.} (11. c5 $1 Bc7 12. b4 a5 13. a3 e5 14. e4 dxe4 15. Nxe4
Nxe4 16. Qxe4 f5 17. Qe3 $1 e4 18. Ng5 Qe7 19. Qb3+ Kh8 20. Ne6 $16 {1-0
Lerner,K-Cuijpers,F/Nimes 1991 (61)}) 11... Qb8 12. e4 {12. c5 ist hier nicht
so erfolgversprechend wie einen Zug zuvor.} (12. c5 $6 Bc7 13. b4 a5 14. a3 e5
15. e4 axb4 16. axb4 Nxe4 17. Nxe4 dxe4 18. Qxe4 f5 19. Qe3 e4 {und der Ph2
hängt.}) 12... b4 13. e5 bxc3 14. Bxc3 Be7 15. exf6 Bxf6 16. Rfe1 $14 {Weiß
steht wegen seines Raumvorteils etwas beser.} dxc4 (16... a5 {nebst ...Qa7 ist
vielleicht eine bessere Aufstellung.}) 17. Bxc4 a5 18. Ne5 Nb6 19. Bd3 h6 20.
Qe2 Nd5 21. Qe4 Rd8 22. Qh7+ Kf8 23. Bb2 Nb4 24. Bc4 Qd6 25. Ng6+ fxg6 26. Bxe6
Ke7 27. Bf5+ Kf8 28. Be6 Ke7 29. Qxg6 Qxe6 30. d5 Qxe1+ 31. Rxe1+ Kd7 32. Bxf6
gxf6 33. Qf7+ Kc8 34. Re7 Nxd5 35. Rxb7 Ne7 36. h4 Kxb7 37. Qxe7+ Kb6 38. Qe3+
Kb5 39. Qxh6 Kb4 40. Qxf6 c5 41. Qb2 Rd4 42. a3+ Kb5 43. Qe2+ Kb6 44. Qe6+ Kb7
45. h5 Rad8 46. h6 R8d6 47. Qe7+ 1-0

[Event "Bundesliga 0506"]
[Site "Germany"]
[Date "2005.12.10"]
[Round "5.2"]
[White "Gschnitzer, Oswald"]
[Black "Fridman, Daniel"]
[Result "0-1"]
[WhiteElo "2427"]
[BlackElo "2564"]
[Annotator "Lutz,C"]
[PlyCount "118"]
[EventDate "2005.10.21"]
[EventType "team-tourn"]
[EventRounds "15"]
[EventCountry "GER"]
[SourceTitle "CBM 111"]
[Source "ChessBase"]
[SourceDate "2006.04.04"]
[SourceVersion "1"]
[SourceVersionDate "2006.04.04"]
[SourceQuality "1"]
[WhiteTeam "Kirchheim"]
[BlackTeam "Muelheim Nord"]
[WhiteTeamCountry "GER"]
[BlackTeamCountry "GER"]

1. d4 d5 2. c4 e6 3. Nc3 c6 4. e3 Nf6 5. Nf3 a6 6. Qc2 c5 7. cxd5 exd5 8. Be2
Nc6 9. O-O Be6 10. Rd1 Nb4 11. Qd2 Ne4 12. Nxe4 dxe4 13. Ne5 f6 $5 {Dieser Zug
mutet zwar etwas primitiv an, sieht aber gut spielbar aus.} (13... cxd4 {
1/2-1/2 Mamedyarov,S-Sokolov,I/Wijk aan Zee 2006/CBM 111/Lutz] (26)}) 14. a3 (
14. dxc5 Bxc5 15. a3 Qxd2 (15... Nd5 16. b4 $5) 16. Bxd2 Nd5 17. Nc4 O-O 18. b4
Be7 19. Na5 Rab8 $11) 14... Nd5 15. Bh5+ (15. Nc4 b5 16. dxc5 Bxc5 (16... bxc4
17. Bxc4 Nc7 18. Qc2 Qe7 19. Qxe4 Rd8 20. Rxd8+ Qxd8 21. Bd2 $44) 17. Qc2 f5 {
sieht gut aus für Schwarz.}) 15... g6 16. Nxg6 (16. Bg4 Qe7 17. Bxe6 Qxe6 18.
Nc4 Rd8) 16... hxg6 17. Bxg6+ Bf7 18. Bxf7+ Kxf7 19. dxc5 Rh5 20. Qe2 Rf5 21.
Qc4 Qd7 22. Qxe4 $13 {Diese Stellung ist schwer einzuschätzen. Vier Bauern für
eine Figur sind natürlich eine Menge Holz, aber Schwarz hat aktive Figuren.}
Re8 23. Qc4 Qe6 24. b4 Nc7 25. Qxe6+ Kxe6 26. e4 Rh5 27. Bf4 Rh7 28. Rd3 Rd7
29. Rxd7 Kxd7 30. Rd1+ Kc6 31. f3 a5 {Schwarz muss sofort zum Gegenspiel
übergehen.} 32. Kf1 Na6 33. Rd4 Kb5 34. Bd2 axb4 35. axb4 Nb8 36. h4 Nc6 37.
Rd7 Re7 38. Rd6 $6 (38. Rxe7 Bxe7 39. h5 Nxb4 40. h6 Bf8 41. g4 $13) 38... Rf7
39. Re6 Kc4 40. g4 $2 {Das sieht wie ein Zeitnotfehler aus.} (40. h5 Nxb4 $13)
40... Nd4 $17 41. Rb6 Nxf3 42. Bf4 Kd3 43. Kf2 Kxe4 44. c6 bxc6 45. Rxc6 Nxh4
46. Be3 Nf3 47. Rc4+ Kd5 48. Rf4 Ne5 49. Ke2 Ke6 50. b5 Bh6 51. Ra4 Bxe3 52.
Kxe3 Rb7 53. Ra6+ Kf7 54. b6 Nc4+ 55. Ke4 Kg6 56. Ra8 Nxb6 57. Rg8+ Rg7 58.
Rxg7+ Kxg7 59. Kf5 Nc8 0-1